000 00259nam a2200109Ia 4500
008 190216s9999||||xx |||||||||||||| ||und||
100 _aChellappan Nair N P
245 0 _aMalakkukalum Ibileesukalum
260 _bNull
650 _aMalayalam Novel
942 _cBK
999 _c24857
_d24857